| 000 | 01504nam a2200349 a 4500 | ||
|---|---|---|---|
| 999 |
_c174593 _d174593 |
||
| 003 | BLK | ||
| 005 | 20240917114858.0 | ||
| 008 | 180411b bul|||||r ||||||| ||bul|| | ||
| 010 | _aKNG00183085000 | ||
| 040 | _aBLK | ||
| 041 |
_aBUL _cBUL |
||
| 080 |
_aЧешка литература _b821.162.3 _x-31 _z821.162.3-31 |
||
| 100 | 1 |
_aХашек, Ярослав _eпърви автор _9136579 |
|
| 139 |
_aХашек, Ярослав _bХ 34 |
||
| 245 | 1 | 0 |
_aПриключенията на добрия войник Швейк през Световната война _bРоман _cЯрослав Хашек; прев. от чеш. Светомир Тодоров Иванчев; с предг. от Петър Димитров Незнакомов. |
| 250 | _a4. изд. | ||
| 257 | _aCSK | ||
| 260 |
_aСофия _bНар. култура _c1975 |
||
| 300 |
_a751 с. _c21 см |
||
| 380 | _aX | ||
| 500 | _aОриг. загл. Osudy dobreho vojaka Svejka za svetove valky. - 1. изд. 1948 - 1955. - 40 125 тир. | ||
| 700 | 1 |
_aИванчев, Светомир Тодоров _eпрев. от чеш. _9374043 |
|
| 700 | 1 |
_aНезнакомов, Петър Димитров _eс предг. от _9381794 |
|
| 852 | _aЦб 76114 | ||
| 856 | 4 | _qpdf | |
| 856 | 4 | _qpdf | |
| 942 |
_cKNG _n0 _04 _s1 |
||
| 944 |
_aCR _c01.10.2015 _k30575 _lМартин Енчев |
||
| 944 |
_aED _c08.09.2017 _kРенета_Константинова |
||
| 944 |
_aED _c2022-09-26 _kир |
||
| 999 | _d174593 | ||